| 000 | 00600nam a2200229Ia 4500 | ||
|---|---|---|---|
| 008 | 160303s9999 xx 000 0 und d | ||
| 020 | _a9710852132 | ||
| 050 | _aFIL HB 171.5 | ||
| 050 | _b.M57 1992 | ||
| 100 | _aMiranda, Gregorio S. | ||
| 245 | _aEconomics for high school / | ||
| 245 | _cGregorio S. Miranda. | ||
| 260 | _aManila: | ||
| 260 | _bNational Book Store. Inc., | ||
| 260 | _c1992 | ||
| 300 | _a294 pages : | ||
| 300 | _billustrations ; | ||
| 300 | _c22 cm. | ||
| 500 | _aIncludes bibliographical references. | ||
| 650 | _aEconomics -- | ||
| 650 | _xStudy and teaching. | ||
| 999 |
_c291293 _d291293 |
||